| 000 | 01128nam a2200337 4500 | ||
|---|---|---|---|
| 001 | 155 | ||
| 003 | OSt | ||
| 005 | 20250528074013.0 | ||
| 008 | 250129b |||||||g |||| 00| 1 eng d | ||
| 020 | _a8571232040 | ||
| 040 | _bpor | ||
| 041 |
_heng _apor |
||
| 082 |
_a813 _bC587p |
||
| 100 | 1 |
_aClancy, Tom, _d1947-2013 _9294 |
|
| 240 | _aClear and present danger | ||
| 245 |
_aPerigo real e imediato / _cClancy, Tom ; Tradução de Jusmar Gomes |
||
| 260 |
_aSão Paulo _bCirculo do Livro _c1989 |
||
| 300 | _a785 p. | ||
| 490 | 1 |
_aTom Clancy´s Jack Ryan _vLivro 07 |
|
| 520 | _aApós ser promovido a diretor da CIA Jack Ryan bate de frente com a própria agência onde trabalha e o governo americano, ao discordar da validade de uma missão contra um cartel de drogas colombiano. | ||
| 650 | 0 |
_aLiteratura Americana _984 |
|
| 650 | 0 |
_aCrime e Investigação _913 |
|
| 650 | 0 |
_aAção _964 |
|
| 650 | 0 |
_aSuspense _910 |
|
| 650 | 0 |
_aFilme _926 |
|
| 655 | 0 |
_aRomance _923 |
|
| 655 | 0 |
_aFicção _922 |
|
| 700 |
_aJusmar Gomes _eTradutor _9298 |
||
| 830 |
_aTom Clancy´s Jack Ryan _vLivro 07 _9299 |
||
| 942 |
_2ddc _n0 _cBK |
||
| 999 |
_c155 _d155 |
||